000 00400nam a2200181Ia 4500
005 20240823061135.0
008 240823s9999||||xx |||||||||||||| ||und||
041 _aENGLISH
082 _A617.412 Q6
100 _aSubramanan G S
245 0 _aIdhayame Idhayame
250 _a2nd
260 _c2016
_bSuriyan Pathi
500 _aYES
650 _aTamil
_bGeneral
942 _cBK
999 _c232809
_d232809